[Event "ITA-ch U20"]
[Site "Tarvisio"]
[Date "2023.07.06"]
[Round "6"]
[White "Zoncu, Roberto Alessio"]
[Black "Barna, Marco"]
[Result "1-0"]
[WhiteElo "2056"]
[BlackElo "1778"]
[PlyCount "68"]
[EventDate "2023.07.02"]
[EventType "swiss"]
[EventRounds "9"]
[EventCountry "ITA"]
[SourceTitle "EXT 2024"]
[Source "ChessBase"]
[SourceDate "2023.10.10"]
[SourceVersion "1"]
[SourceVersionDate "2023.10.10"]
[SourceQuality "1"]

1. c4 Nf6 2. Nc3 g6 3. g3 Bg7 4. Bg2 d6 5. d3 c6 6. e4 Nbd7 7. Nge2 a5 8. 0-0 0-0 9. h3 e5 10. Be3 Qe7 11. Qd2 Nc5 12. Rad1 Rd8 13. Bg5 Qf8 14. f4 exf4 15. Qxf4 Ne6 16. Qd2 Nxg5 17. Qxg5 h6 18. Qe3 Be6 19. Rf2 Qe7 20. Rdf1 Rf8 21. b3 Ne8 22. d4 Bd7 23. g4 Nc7 24. Qd2 b5 25. cxb5 cxb5 26. e5 Rad8 27. exd6 Qxd6 28. g5 hxg5 29. Qxg5 Ne6 30. Qh4 Bxd4 31. Ne4 g5 32. Qh6 Bg7 33. Qxg7+ Kxg7 34. Nxd6 Kg8 1-0

[Event "ITA-ch U20"]
[Site "Tarvisio"]
[Date "2023.07.04"]
[Round "3"]
[White "Zoncu, Roberto Alessio"]
[Black "Altissimo, Tiziano"]
[Result "1/2-1/2"]
[WhiteElo "2056"]
[BlackElo "1834"]
[PlyCount "74"]
[EventDate "2023.07.02"]
[EventType "swiss"]
[EventRounds "9"]
[EventCountry "ITA"]
[SourceTitle "EXT 2024"]
[Source "ChessBase"]
[SourceDate "2023.10.10"]
[SourceVersion "1"]
[SourceVersionDate "2023.10.10"]
[SourceQuality "1"]

1. c4 c6 2. Nc3 d5 3. e3 Nf6 4. Nf3 Bf5 5. cxd5 Nxd5 6. Qb3 Qb6 7. Qxb6 axb6 8. Nxd5 cxd5 9. b3 Nc6 10. Bb5 f6 11. d4 Kf7 12. Bd2 h5 13. Ke2 e6 14. Rhc1 Ba3 15. Rf1 Bb2 16. Rae1 Rxa2 17. Bd3 Bxd3+ 18. Kxd3 e5 19. dxe5 fxe5 20. e4 dxe4+ 21. Kxe4 Bd4 22. Be3 Rd8 23. Ng5+ Kf6 24. h4 Kg6 25. Rd1 Rb2 26. Rb1 Rxb1 27. Rxb1 Ra8 28. f4 Bxe3 29. Kxe3 exf4+ 30. Kxf4 Ra2 31. Re1 Nd8 32. g3 Rf2+ 33. Ke3 Rb2 34. Kf4 Rxb3 35. Re8 Rd3 36. Re7 Rd1 37. Nf3 Rb1 1/2-1/2